Niehans (Record no. 64031)

MARC details
000 -LEADER
campo de control de longitud fija 00616nam a2200169 i 4500
001 - NÚMERO DE CONTROL
campo de control 64031
003 - IDENTIFICADOR DE NÚMERO DE CONTROL
campo de control ES-MaACL
005 - FECHA Y HORA DE LA ÚLTIMA TRANSACCIÓN
campo de control 20230906165027.0
007 - CAMPO FIJO DE DESCRIPCIÓN FÍSICA--INFORMACIÓN GENERAL
campo de control de longitud fija t|
008 - DATOS DE LONGITUD FIJA--INFORMACIÓN GENERAL
campo de control de longitud fija 031219s1957 sp ||||1| spa d
100 1# - ENTRADA PRINCIPAL--NOMBRE DE PERSONA
Nombre de persona Fischer, Kurt Joachim.
9 (RLIN) 51004
245 10 - MENCIÓN DEL TÍTULO
Título Niehans
Resto del título : médico del Papa /
Mención de responsabilidad, etc. Kurt Joachim Fischer ; [versión española de la primera edición original directa del alemán por Carmen Manzanares].
250 ## - MENCION DE EDICION
Mención de edición [1ª ed. española].
260 ## - PUBLICACIÓN, DISTRIBUCIÓN, ETC.
Lugar de publicación, distribución, etc. [Madrid] :
Nombre del editor, distribuidor, etc. Vita et mores :
-- Alhambra,
Fecha de publicación, distribución, etc. [1957] (
Fabricante Nuevas Gráficas)
700 1# - ENTRADA AGREGADA--NOMBRE PERSONAL
Nombre de persona Manzanares, Carmen.
9 (RLIN) 76197
852 ## - LOCALIZACIÓN
Ubicación ES-MaACL
Número de control de estantería C-13609
Sublocalización o colección R.41335
Holdings
Estatus retirado Estado de pérdida Estado de daño No para préstamo Biblioteca de origen Biblioteca actual Ubicación en estantería Fecha de adquisición Fuente de adquisición Total de préstamos Signatura topográfica completa Código de barras Visto por última vez Precio de reemplazo Tipo de ítem Koha
        Biblioteca del Ateneo de Madrid Biblioteca del Ateneo de Madrid Sala Palomar 17/01/2008     C-13609 1067104 23/02/2023 23/02/2023 Libro impreso